| 000 | 00354nam a2200145Ia 4500 | ||
|---|---|---|---|
| 008 | 220216s9999 xx 000 0 und d | ||
| 100 | _aThomas M | ||
| 245 | 0 | _aKaalavastha vyathiyanathinte velluvilikal neridan | |
| 260 |
_bRubber _c2010 |
||
| 300 | _a6-9. | ||
| 650 | _aClimate change | ||
| 700 | _aJacob J | ||
| 700 | _aKrishnakumar R | ||
| 942 | _cML | ||
| 999 |
_c72938 _d72938 |
||